| 000 | 00429nam a2200097Ia 4500 | ||
|---|---|---|---|
| 008 | 180130s9999 xx 000 0 und d | ||
| 245 |
_cLowman, Rodney L. _aIs sustainability an ethical responsibility of I-O and consulting psychologists? |
||
| 260 | _c2013 | ||
| 300 | _aBook title: Green organizations : driving change with I-O psychology--Acession number C18638; pages 34-54 | ||
| 650 | _aBUSINESS ENTERPRISES--ENVIRONMENTAL ASPECTS | ||
| 999 |
_c354593 _d354593 |
||